书目信息 |
| 书名: | Drawing | |
| 作者: | ||
| 分册号: | ||
| 分册名: | 出版地: | [S.l.] : |
|
| 出版社: | Giroux & Williston Jamestown Pub | |
| 出版时间: | 19--?. | |
| 页数: | 63 p. : | |
| 开本: | 19 cm. | |
| 丛书名: | Comprehension skills series | |
| 中图分类号: | ||
| 科图分类号: | ||
| 其他分类号: | H31 | |
| 主题词: | ||
| 电子资源: | ||
| 000 | 00605nam 2200205 a 4500 | |
| 001 | E0737215550 | |
| 005 | 20070303102053.48 | |
| 008 | 001 0 eng | |
| 008 | uu | |
| 040 | @aNLC | |
| 049 | @aN5LA | |
| 090 | @a2-85/H319.4/D76///////*973589/*973590/ cop.2 | |
| 090 | @aH31 | |
| 096 | @aH319.4 @v2 | |
| 099 | @dH31@ex113:2 | |
| 245 | 00 | @aDrawing |
| 260 | @a[S.l.] :@bGiroux & Williston Jamestown Pub.,@c19--?. | |
| 300 | @a63 p. :@bill. ;@c19 cm. | |
| 440 | 0 | @aComprehension skills series @b00 @c20020930 @lNLC09 @h2244 @lNLC09 @h2231 @lNLC09 @h1823 |
| 852 | 9 | @bWWJC @cJ08N @k2-85 @hH319.4 @iD76 |
| Drawing.-[S.l.] : : Giroux & Williston Jamestown Pub., , 19--?. |
| 63 p. : : ill. ; ; 19 cm.- (Comprehension skills series 00 20020930 NLC09 2244 NLC09 2231 NLC09 1823 ) |
| ISBN |
| ● |
| 相关链接 |
|
|
|
|
正题名:Drawing
索取号:H31/x113:2
 
预约/预借
| 序号 | 登录号 | 条形码 | 馆藏地/架位号 | 状态 | 备注 |
| 1 | 45829 | 001042259 | 密集书库/ [索取号:H31/x113:2] | 在馆 |